[Event "Chigorin Memorial 2018"]
[Site "St. Petersburg"]
[Date "2018.10.31"]
[Round "5.92"]
[White "Lavrinovitsh, Denis"]
[Black "Klevets, Ksenia"]
[Result "1/2-1/2"]
[WhiteElo "2078"]
[BlackElo "1834"]
[PlyCount "84"]
[EventDate "2018.10.27"]
[EventType "swiss"]
[EventCountry "RUS"]
[WhiteTeam "Russland"]
[BlackTeam "Russland"]
[WhiteTeamCountry "RUS"]
[BlackTeamCountry "RUS"]

1. e4 c5 2. c4 Nc6 3. Nc3 e6 4. g3 Nf6 5. Bg2 d5 6. exd5 exd5 7. cxd5 Nb4 8. d3 Be7 9. Nge2 Nbxd5 10. O-O O-O 11. d4 Nxc3 12. bxc3 Qc7 13. Bf4 Bd6 14. Bg5 Be7 15. Qb3 Rb8 16. Rac1 b6 17. Rfd1 Bb7 18. Bf4 Bd6 19. dxc5 Bxf4 20. cxb6 axb6 21. Nxf4 Bxg2 22. Nxg2 Rfc8 23. Ne3 Ne4 24. c4 Re8 25. Rd5 h6 26. Rcd1 Qe7 27. Qc2 Nxf2 28. Qxf2 Qxe3 29. Qxe3 Rxe3 30. Rd8+ Rxd8 31. Rxd8+ Kh7 32. Rd6 Rc3 33. Rxb6 Rxc4 34. Ra6 Rc2 35. a4 Ra2 36. a5 f5 37. Ra7 Kg8 38. h4 g5 39. hxg5 hxg5 40. Kf1 f4 41. gxf4 gxf4 42. a6 f3 1/2-1/2

[Event "Chigorin Memorial 2018"]
[Site "St. Petersburg"]
[Date "2018.10.31"]
[Round "5.93"]
[White "Kudin, Alexander"]
[Black "Volkov, Roman"]
[Result "0-1"]
[WhiteElo "1654"]
[BlackElo "2070"]
[PlyCount "96"]
[EventDate "2018.10.27"]
[EventType "swiss"]
[EventCountry "RUS"]
[WhiteTeam "Russland"]
[BlackTeam "Russland"]
[WhiteTeamCountry "RUS"]
[BlackTeamCountry "RUS"]

1. e4 c6 2. d4 d5 3. exd5 cxd5 4. Nf3 Nc6 5. c3 Bg4 6. Bd3 Nf6 7. O-O e6 8. Bf4 Be7 9. Nbd2 O-O 10. Rc1 Rc8 11. Nb3 Na5 12. Nc5 b6 13. Na4 Nc4 14. b3 Nd6 15. Re1 Nfe4 16. c4 Ng5 17. Bxg5 Bxg5 18. Rc2 dxc4 19. bxc4 Bf6 20. c5 Nf5 21. Bxf5 Bxf5 22. Rd2 Bg4 23. cxb6 axb6 24. d5 Bxf3 25. gxf3 b5 26. dxe6 Qa5 27. exf7+ Rxf7 28. Nc5 Rxc5 29. Rd7 Rf8 30. Qb3+ Kh8 31. Re4 Qc3 32. Rf7 Qc1+ 33. Kg2 Rg5+ 34. Rg4 Rxg4+ 35. fxg4 Qc6+ 36. Kg1 Rd8 37. Ra7 Qe4 38. h3 h6 39. a4 Bd4 40. Rf7 bxa4 41. Qa3 Bf6 42. Rf8+ Rxf8 43. Qxf8+ Kh7 44. Qa3 Bd4 45. Kf1 Qc2 46. Qf3 Qxf2+ 47. Qxf2 Bxf2 48. Kxf2 a3 0-1

[Event "Chigorin Memorial 2018"]
[Site "St. Petersburg"]
[Date "2018.10.31"]
[Round "5.94"]
[White "Chertkov, Maksim"]
[Black "Torres Dominguez, David"]
[Result "1/2-1/2"]
[WhiteElo "1502"]
[BlackElo "2067"]
[PlyCount "149"]
[EventDate "2018.10.27"]
[EventType "swiss"]
[EventCountry "RUS"]
[WhiteTeam "Russland"]
[BlackTeam "Spanien"]
[WhiteTeamCountry "RUS"]
[BlackTeamCountry "ESP"]

1. e4 e5 2. Nf3 Nc6 3. Bb5 Nge7 4. Nc3 g6 5. d4 exd4 6. Nxd4 Bg7 7. Be3 O-O 8. Qd2 d5 9. O-O-O Nxd4 10. Bxd4 Bxd4 11. Qxd4 c6 12. Be2 Be6 13. exd5 Nxd5 14. Ne4 Bf5 15. Bf3 Bxe4 16. Bxe4 Nb6 17. Qxd8 Raxd8 18. b3 Rfe8 19. Bf3 Kf8 20. c4 a5 21. Kb2 Nd7 22. Rhe1 f6 23. Rxe8+ Kxe8 24. h4 Ne5 25. Rxd8+ Kxd8 26. Be2 c5 27. Ka3 Kc7 28. f4 Nc6 29. g4 Nd4 30. Bd3 f5 31. gxf5 gxf5 32. Kb2 Kd6 33. Kc3 Ke6 34. Bf1 Kf6 35. h5 h6 36. Kd3 Nc6 37. a3 b6 38. Be2 Nd4 39. Bd1 Ke6 40. b4 axb4 41. axb4 Kd6 42. Ke3 Nc6 43. Bc2 cxb4 44. Bxf5 Kc5 45. Kd3 Nd4 46. Be4 Ne6 47. f5 Nf4+ 48. Kc2 Nxh5 49. Kb3 Nf6 50. Bg2 h5 51. Bf1 h4 52. Bg2 Ne8 53. Bf1 Nf6 54. Bg2 Ng4 55. Bh3 Nf2 56. f6 Kd6 57. f7 Ke7 58. Bg2 Nd3 59. Bf1 Nc5+ 60. Kxb4 Kxf7 61. Kb5 Nd7 62. Bh3 Ke7 63. Kc6 Ne5+ 64. Kxb6 Nxc4+ 65. Kc5 Nb2 66. Kd4 Nd1 67. Ke5 Nf2 68. Bf5 Kf7 69. Bc8 Kg6 70. Kf4 Kh5 71. Bd7 Nd3+ 72. Ke3 Ne5 73. Bc8 Kg5 74. Be6 Kg6 75. Bh3 1/2-1/2

[Event "Chigorin Memorial 2018"]
[Site "St. Petersburg"]
[Date "2018.10.31"]
[Round "5.95"]
[White "Bykov, Oleg"]
[Black "Tskhadadze, Anna"]
[Result "1-0"]
[WhiteElo "2411"]
[BlackElo "1952"]
[Annotator "TA"]
[PlyCount "97"]
[EventDate "2018.10.27"]
[EventType "swiss"]
[EventCountry "RUS"]
[WhiteTeam "Russland"]
[BlackTeam "Russland"]
[WhiteTeamCountry "RUS"]
[BlackTeamCountry "RUS"]

1. Nf3 d5 2. g3 Nf6 3. Bg2 e6 4. O-O Be7 5. d3 c5 6. Nbd2 Nc6 7. e4 b6 8. Re1 Bb7 9. e5 Nd7 10. Nf1 g5 11. h3 h5 12. c3 Rg8 13. d4 Qc7 14. c4 g4 15. hxg4 hxg4 16. N3h2 Nxd4 17. cxd5 Bxd5 18. Bxd5 exd5 19. Nxg4 Qc6 20. Nfe3 O-O-O 21. b4 Rh8 22. Bb2 Qe6 23. Bxd4 cxd4 24. Qxd4 Kb8 25. Kg2 f5 26. Qxd5 Qg6 27. e6 fxg4 28. exd7 Rh5 29. Qc4 Rxd7 30. Rac1 Rh8 31. Nxg4 Qf5 32. Qe4 Qxe4+ 33. Rxe4 Bg5 34. Rc2 Rd1 35. Ne5 Rhh1 36. Rec4 Rh7 37. Rg4 Bf6 38. Nc6+ Kb7 39. Rg8 Rd5 40. Rb8+ Kc7 41. Rf8 Rd6 42. b5 Kd7 43. Nxa7 Be7 44. Rb8 Rd5 45. Rxb6 Rhh5 46. Rb7+ Ke6 47. Re2+ Rhe5 48. Rxe5+ Rxe5 49. Rxe7+ 1-0

[Event "Chigorin Memorial 2018"]
[Site "St. Petersburg"]
[Date "2018.10.31"]
[Round "5.96"]
[White "Yashmetov, Mikhail"]
[Black "Zasukhin, Mikhail"]
[Result "1-0"]
[WhiteElo "2394"]
[BlackElo "1943"]
[PlyCount "77"]
[EventDate "2018.10.27"]
[EventType "swiss"]
[EventCountry "RUS"]
[WhiteTeam "Russland"]
[BlackTeam "Russland"]
[WhiteTeamCountry "RUS"]
[BlackTeamCountry "RUS"]

1. Nf3 d5 2. g3 g6 3. Bg2 Bg7 4. d4 Nf6 5. O-O O-O 6. c4 c6 7. cxd5 cxd5 8. Ne5 e6 9. Nc3 Nbd7 10. Bf4 Nxe5 11. Bxe5 Bd7 12. Qb3 Bc6 13. a4 a6 14. a5 Qd7 15. Na4 Bxa4 16. Rxa4 Ne4 17. Bxe4 dxe4 18. Bf4 Rac8 19. Rb4 Rfd8 20. Rd1 Qd5 21. Rxb7 Qxa5 22. e3 g5 23. Bb8 h5 24. h4 gxh4 25. gxh4 Qf5 26. Bg3 Qg4 27. Kh2 Rd5 28. Rxf7 Kxf7 29. Qb7+ Kf6 30. Rg1 Rf8 31. Be5+ Rxe5 32. Rxg4 hxg4 33. dxe5+ Kg6 34. Qxe4+ Kh5 35. Qh7+ Bh6 36. Kg2 Rf5 37. Qh8 Kg6 38. Qg8+ Bg7 39. Qxe6+ 1-0

[Event "Chigorin Memorial 2018"]
[Site "St. Petersburg"]
[Date "2018.10.31"]
[Round "5.97"]
[White "Leontiev, Aleksandr V."]
[Black "Shadunts, Kirill"]
[Result "1-0"]
[WhiteElo "2276"]
[BlackElo "1907"]
[PlyCount "49"]
[EventDate "2018.10.27"]
[EventType "swiss"]
[EventCountry "RUS"]
[WhiteTeam "Russland"]
[BlackTeam "Russland"]
[WhiteTeamCountry "RUS"]
[BlackTeamCountry "RUS"]

1. e4 e6 2. d3 d5 3. Nd2 c5 4. Ngf3 Nc6 5. g3 Nf6 6. Bg2 Be7 7. O-O O-O 8. Re1 Qc7 9. Nf1 b5 10. e5 Nd7 11. Bf4 a5 12. h4 Nb6 13. h5 Na4 14. h6 g6 15. Qc1 Qb6 16. Bg5 f6 17. exf6 Bxf6 18. Bxf6 Rxf6 19. Ne3 c4 20. Nxd5 exd5 21. Qg5 Nb4 22. Re8+ Kf7 23. Rae1 Qd6 24. Qxd5+ Re6 25. Qxd6 1-0

[Event "Chigorin Memorial 2018"]
[Site "St. Petersburg"]
[Date "2018.10.31"]
[Round "5.98"]
[White "Putrenko, Kirill"]
[Black "Ivanov, Platon-Jaan"]
[Result "1/2-1/2"]
[WhiteElo "1955"]
[BlackElo "2176"]
[PlyCount "139"]
[EventDate "2018.10.27"]
[EventType "swiss"]
[EventCountry "RUS"]
[WhiteTeam "Russland"]
[BlackTeam "Estland"]
[WhiteTeamCountry "RUS"]
[BlackTeamCountry "EST"]

1. d4 Nf6 2. c4 c6 3. Nc3 d5 4. cxd5 cxd5 5. Bf4 Nc6 6. e3 a6 7. Bd3 e6 8. Rc1 Be7 9. h3 Bd7 10. Nf3 O-O 11. O-O Qb6 12. Qd2 Rfc8 13. Ne5 Be8 14. Bh2 Nxe5 15. dxe5 Nd7 16. Bb1 Nc5 17. Qd4 Na4 18. Nxa4 Qxd4 19. exd4 Bxa4 20. Bf4 Bb5 21. Rfd1 Bb4 22. Kh2 Be2 23. Rg1 b5 24. Be3 Ba5 25. f3 b4 26. Kg3 Bb5 27. Rxc8+ Rxc8 28. Rc1 Rxc1 29. Bxc1 b3 30. a4 Bxa4 31. Kf2 Bb5 32. g4 Bb6 33. Ke3 a5 34. Bd2 Kf8 35. f4 Bd8 36. Be1 g6 37. Bd3 Bd7 38. Ba6 a4 39. Bb4+ Ke8 40. g5 Bb6 41. Kd3 Kd8 42. Kc3 Kc7 43. Bd6+ Kd8 44. Bb4 Bc8 45. Bb5 Bd7 46. Ba6 Bc6 47. Kd3 Kc7 48. Bd6+ Kd7 49. Bb4 Ba7 50. Bd6 Bb6 51. Bb4 Bd8 52. Ke3 Bb6 53. Kd3 Kd8 54. Kc3 Bd7 55. Bd6 Bc6 56. Bb4 Kc7 57. Bd6+ Kd7 58. Bb4 Kd8 59. Bd6 Bd7 60. Bb4 Ba7 61. Bd6 Bc6 62. Kd3 Kd7 63. Kc3 Bb6 64. Bb4 Kc7 65. Bd6+ Kd8 66. Bb4 Ba7 67. Bd6 Kd7 68. Kd3 Ba8 69. Bb5+ Bc6 70. Ba6 1/2-1/2

[Event "Chigorin Memorial 2018"]
[Site "St. Petersburg"]
[Date "2018.10.31"]
[Round "5.99"]
[White "Gorovenko, Darya"]
[Black "Shmoilov, Dmitry"]
[Result "1-0"]
[WhiteElo "2109"]
[BlackElo "1887"]
[PlyCount "105"]
[EventDate "2018.10.27"]
[EventType "swiss"]
[EventCountry "RUS"]
[WhiteTeam "Russland"]
[BlackTeam "Russland"]
[WhiteTeamCountry "RUS"]
[BlackTeamCountry "RUS"]

1. Nf3 Nf6 2. g3 b5 3. Bg2 Bb7 4. O-O e6 5. d3 d5 6. c3 Nbd7 7. Nbd2 c5 8. a4 b4 9. a5 Ba6 10. Re1 Rc8 11. e4 dxe4 12. Nxe4 Be7 13. Bf4 Nxe4 14. dxe4 O-O 15. e5 Nb8 16. Nd2 Qc7 17. Ne4 Rcd8 18. Qg4 Kh8 19. Nf6 Nd7 20. Nxh7 Kxh7 21. Be4+ Kg8 22. Bh6 Qxe5 23. Bh7+ Kxh7 24. Rxe5 gxh6 25. Ree1 Nf6 26. Qf3 Rd7 27. Rad1 Bb7 28. Qe2 Rfd8 29. Rxd7 Rxd7 30. Rd1 Rxd1+ 31. Qxd1 bxc3 32. bxc3 Bd5 33. c4 Bc6 34. Qb1+ Be4 35. Qb8 Bd3 36. Qxa7 Ng8 37. Qa6 Be4 38. Qb5 Nf6 39. a6 Kg7 40. a7 Bd6 41. Kf1 Ng4 42. h3 Ne5 43. f4 Nf3 44. Qa6 Bf8 45. Kf2 Nd4 46. a8=Q Bxa8 47. Qxa8 Nf5 48. g4 Nd4 49. Qb8 Be7 50. Qe5+ Kg8 51. f5 Bh4+ 52. Kg2 exf5 53. Qxc5 1-0

[Event "Chigorin Memorial 2018"]
[Site "St. Petersburg"]
[Date "2018.10.31"]
[Round "5.100"]
[White "Razumovskiy, Mikhail"]
[Black "Don, Aleksandr"]
[Result "1/2-1/2"]
[WhiteElo "1944"]
[BlackElo "2086"]
[PlyCount "156"]
[EventDate "2018.10.27"]
[EventType "swiss"]
[EventCountry "RUS"]
[WhiteTeam "Russland"]
[BlackTeam "Russland"]
[WhiteTeamCountry "RUS"]
[BlackTeamCountry "RUS"]

1. d4 Nf6 2. c4 e6 3. g3 d5 4. Bg2 dxc4 5. Nf3 a6 6. O-O b5 7. Ne5 Nd5 8. a4 Bb7 9. axb5 axb5 10. Rxa8 Bxa8 11. e4 Nf6 12. Nc3 c6 13. Bg5 Be7 14. Qa1 Bb7 15. Qa7 Qc8 16. d5 b4 17. Na4 cxd5 18. Nb6 Qc7 19. Na8 Qc8 20. Nb6 Qc7 21. exd5 exd5 22. Bf4 Bd6 23. Nbxc4 dxc4 24. Qxb7 Qxb7 25. Bxb7 Bxe5 26. Bxe5 Nbd7 27. Bd6 c3 28. bxc3 bxc3 29. Rc1 Nb6 30. Bc6+ Nfd7 31. Bc7 O-O 32. Rxc3 Rc8 33. Bb7 Re8 34. Rb3 Na4 35. Bd5 Nac5 36. Rc3 Ne6 37. Bd6 Nf6 38. Bb7 h6 39. h4 Nd4 40. Rd3 Ne6 41. Ba3 Rb8 42. Bf3 Rb5 43. Kg2 Rb8 44. Rd6 Rb3 45. Bc1 Rb4 46. Be3 Ng4 47. Bd2 Ra4 48. Bd1 Rc4 49. Be2 Re4 50. Bf3 Ra4 51. Bd1 Rc4 52. f3 Ne5 53. Bb3 Rd4 54. Rxd4 Nxd4 55. Bd5 Nd7 56. g4 Ne6 57. Kg3 Nf6 58. Bc4 Nc5 59. Be3 Nfd7 60. Bb5 Kf8 61. Bd4 f6 62. Be3 g5 63. Bc1 Kf7 64. f4 Nf8 65. Bc4+ Kg7 66. Be3 Ne4+ 67. Kf3 Nd6 68. Bd5 gxh4 69. Bc5 Nf7 70. Be3 Ng6 71. Kg2 Ne7 72. Be6 Kg6 73. Kh3 f5 74. Kxh4 fxg4 75. Kxg4 h5+ 76. Kh4 Nf5+ 77. Bxf5+ Kxf5 78. Kxh5 Nd8 1/2-1/2

[Event "Chigorin Memorial 2018"]
[Site "St. Petersburg"]
[Date "2018.10.31"]
[Round "5.101"]
[White "Vetokhin, Ilia"]
[Black "Zolotyh, Lev"]
[Result "1/2-1/2"]
[WhiteElo "2082"]
[BlackElo "1849"]
[PlyCount "149"]
[EventDate "2018.10.27"]
[EventType "swiss"]
[EventCountry "RUS"]
[WhiteTeam "Russland"]
[BlackTeam "Russland"]
[WhiteTeamCountry "RUS"]
[BlackTeamCountry "RUS"]

1. d4 Nf6 2. c4 g6 3. Nc3 d5 4. g3 Bg7 5. Bg2 c6 6. cxd5 Nxd5 7. Nf3 O-O 8. O-O Re8 9. Qc2 Bg4 10. Rd1 Nd7 11. h3 Bxf3 12. Bxf3 N7b6 13. e4 Nf6 14. Bf4 e6 15. Rac1 Qe7 16. Qb3 Rad8 17. a4 Rd7 18. a5 Nc8 19. Na4 Qd8 20. Nc5 Rxd4 21. Rxd4 Qxd4 22. Rc4 Qd8 23. Nxb7 Qd7 24. Nc5 Qe7 25. Nd3 Qd8 26. Qa3 Bf8 27. Qc3 Nd6 28. Bxd6 Bxd6 29. Rxc6 Bb8 30. Nc5 Nd7 31. Nd3 Nf6 32. b4 Kg7 33. b5 Qe7 34. Nc5 Kg8 35. Na6 Nd7 36. Nxb8 Rxb8 37. Rc8+ Rxc8 38. Qxc8+ Kg7 39. Qc7 Qf6 40. Qxd7 Qxf3 41. Qd4+ Kf8 42. b6 axb6 43. axb6 Qb3 44. Qc5+ Kg7 45. Qc6 e5 46. b7 Qb4 47. Kg2 Qb1 48. Qd5 Qb2 49. Qc6 Qb1 50. h4 h5 51. Kh2 Qb2 52. Kg1 Qa1+ 53. Kg2 Qb1 54. Qc7 Qxe4+ 55. Kh2 Qd4 56. Kg2 Qe4+ 57. Kg1 Qe1+ 58. Kg2 Qe4+ 59. Kf1 Qb1+ 60. Ke2 Qa2+ 61. Kd3 Qb1+ 62. Ke3 Qe1+ 63. Kf3 Qd1+ 64. Kg2 Qd5+ 65. Kh2 Qd4 66. Kg1 Qd1+ 67. Kg2 Qd5+ 68. f3 Qd2+ 69. Kh3 Qe2 70. Qc1 Qb5 71. Qc7 Qf1+ 72. Kh2 Qf2+ 73. Kh3 Qf1+ 74. Kh2 Qf2+ 75. Kh3 1/2-1/2

[Event "Chigorin Memorial 2018"]
[Site "St. Petersburg"]
[Date "2018.10.31"]
[Round "5.102"]
[White "Usacheva, Glafira"]
[Black "Tyapkin, Petr"]
[Result "1-0"]
[WhiteElo "1939"]
[BlackElo "2080"]
[PlyCount "55"]
[EventDate "2018.10.27"]
[EventType "swiss"]
[EventCountry "RUS"]
[WhiteTeam "Russland"]
[BlackTeam "Russland"]
[WhiteTeamCountry "RUS"]
[BlackTeamCountry "RUS"]

1. d4 Nf6 2. c4 g6 3. Nc3 Bg7 4. e4 d6 5. f4 O-O 6. Nf3 c5 7. d5 e6 8. Be2 exd5 9. cxd5 Re8 10. e5 dxe5 11. fxe5 Ng4 12. e6 fxe6 13. d6 Ne5 14. Be3 c4 15. O-O Qa5 16. Bd4 Nxf3+ 17. Rxf3 Nd7 18. Bxc4 Bxd4+ 19. Qxd4 Qe5 20. Rd1 a6 21. Ne4 Qxd4+ 22. Rxd4 Kg7 23. Ng5 Ne5 24. Re3 Nxc4 25. Rxc4 Rd8 26. Rc7+ Kg8 27. Ne4 Kh8 28. Nf6 1-0

[Event "Chigorin Memorial 2018"]
[Site "St. Petersburg"]
[Date "2018.10.31"]
[Round "5.103"]
[White "Kundianok, Vladislav"]
[Black "Zabolotnov, Evgeny"]
[Result "0-1"]
[WhiteElo "1918"]
[BlackElo "2064"]
[PlyCount "118"]
[EventDate "2018.10.27"]
[EventType "swiss"]
[EventCountry "RUS"]
[WhiteTeam "Russland"]
[BlackTeam "Russland"]
[WhiteTeamCountry "RUS"]
[BlackTeamCountry "RUS"]

1. e4 c5 2. Nf3 Nc6 3. d4 cxd4 4. Nxd4 g6 5. c4 Nf6 6. Nc3 Nxd4 7. Qxd4 d6 8. Be3 Bg7 9. f3 O-O 10. Qd2 Be6 11. Nb5 a6 12. Nd4 Bd7 13. Be2 Qb8 14. O-O b5 15. Rac1 Rc8 16. Rfd1 bxc4 17. Bxc4 Qb7 18. Nb3 Rab8 19. Kh1 Bb5 20. Na5 Qd7 21. Qf2 Bxc4 22. Nxc4 Qb5 23. b3 d5 24. exd5 Nxd5 25. Ba7 Rb7 26. Bd4 Bxd4 27. Qxd4 Rd8 28. Ne5 e6 29. Nc6 Re8 30. Qe5 Rd7 31. Qb2 Rc7 32. Nd4 Rxc1 33. Qxc1 Qb7 34. Qc6 Qxc6 35. Nxc6 Rc8 36. Rxd5 Rxc6 37. Rd8+ Kg7 38. h3 Rc2 39. a4 Rb2 40. Rb8 g5 41. Rb7 h5 42. h4 g4 43. fxg4 hxg4 44. Kh2 Kg6 45. Kg3 f5 46. Rb6 Kf6 47. h5 Kg5 48. Rxe6 f4+ 49. Kh2 f3 50. h6 Rxg2+ 51. Kh1 Rg3 52. Re5+ Kxh6 53. Rf5 Kg6 54. Rf8 Kg5 55. b4 Rg2 56. b5 axb5 57. axb5 Rb2 58. Kg1 Kh4 59. Rd8 Kg3 0-1

[Event "Chigorin Memorial 2018"]
[Site "St. Petersburg"]
[Date "2018.10.31"]
[Round "5.104"]
[White "Aseev, Vladimir"]
[Black "Chugunov, Vadim"]
[Result "1-0"]
[WhiteElo "2063"]
[BlackElo "1790"]
[PlyCount "69"]
[EventDate "2018.10.27"]
[EventType "swiss"]
[EventCountry "RUS"]
[WhiteTeam "Russland"]
[BlackTeam "Russland"]
[WhiteTeamCountry "RUS"]
[BlackTeamCountry "RUS"]

1. d4 Nf6 2. c4 g6 3. Nc3 d5 4. Nf3 Bg7 5. Bg5 Ne4 6. Bf4 Nxc3 7. bxc3 dxc4 8. Qa4+ c6 9. Qxc4 Be6 10. Qd3 O-O 11. e3 Qa5 12. Be2 Bf5 13. Qd2 Nd7 14. O-O Nf6 15. Rfc1 Rfd8 16. Qb2 Rd7 17. Ne5 Rad8 18. Nxd7 Rxd7 19. Be5 Nd5 20. Bxg7 Kxg7 21. c4 Nf6 22. f3 Be6 23. Bf1 Qg5 24. Re1 h5 25. e4 Rc7 26. d5 cxd5 27. cxd5 Bc8 28. Rac1 Rxc1 29. Qxc1 Qxc1 30. Rxc1 Bd7 31. Rc7 Ba4 32. Rxb7 a5 33. Ra7 Bc2 34. Rxa5 Nd7 35. Ra7 1-0

[Event "Chigorin Memorial 2018"]
[Site "St. Petersburg"]
[Date "2018.10.31"]
[Round "5.105"]
[White "Kombar, Mariya"]
[Black "Fedotov, Alexey"]
[Result "0-1"]
[WhiteElo "1851"]
[BlackElo "2057"]
[PlyCount "64"]
[EventDate "2018.10.27"]
[EventType "swiss"]
[EventCountry "RUS"]
[WhiteTeam "Russland"]
[BlackTeam "Russland"]
[WhiteTeamCountry "RUS"]
[BlackTeamCountry "RUS"]

1. e4 c6 2. d4 d5 3. Nc3 dxe4 4. Nxe4 Nf6 5. Ng3 g6 6. Nf3 Bg7 7. c3 O-O 8. Be2 Bg4 9. h3 Bxf3 10. Bxf3 Nbd7 11. O-O e5 12. Be3 Qc7 13. Qc2 Rfe8 14. Rad1 exd4 15. Bxd4 Ne5 16. Bxe5 Rxe5 17. Rfe1 Rae8 18. Rxe5 Qxe5 19. Qa4 Bf8 20. Qd4 Qxd4 21. Rxd4 Re1+ 22. Kh2 Rb1 23. Rd2 Bh6 24. Re2 Bf4 25. h4 h5 26. Kh3 Kf8 27. b3 Nd5 28. Rc2 f5 29. Bxd5 cxd5 30. Kh2 g5 31. Kh3 Rh1+ 32. Nxh1 g4# 0-1

[Event "Chigorin Memorial 2018"]
[Site "St. Petersburg"]
[Date "2018.10.31"]
[Round "5.106"]
[White "Shakirov, Marat"]
[Black "Shapar, Tatiana"]
[Result "1/2-1/2"]
[WhiteElo "1821"]
[BlackElo "2034"]
[PlyCount "99"]
[EventDate "2018.10.27"]
[EventType "swiss"]
[EventCountry "RUS"]
[WhiteTeam "Russland"]
[BlackTeam "Russland"]
[WhiteTeamCountry "RUS"]
[BlackTeamCountry "RUS"]

1. d4 d5 2. Nf3 c6 3. c4 e6 4. cxd5 exd5 5. Nc3 Bd6 6. Qc2 Ne7 7. e4 dxe4 8. Nxe4 Bb4+ 9. Nc3 Bg4 10. Qb3 Nd5 11. Be2 O-O 12. O-O Ba5 13. Bd2 Bb6 14. Rfe1 Nxc3 15. bxc3 Nd7 16. a4 Nf6 17. Bg5 Qd6 18. Bxf6 Qxf6 19. a5 Bc7 20. Qxb7 Qd6 21. Ne5 Bxe2 22. Rxe2 Rfe8 23. Rae1 Rab8 24. Qa6 f6 25. Nf3 Rxe2 26. Rxe2 Rb1+ 27. Re1 Rxe1+ 28. Nxe1 Qxh2+ 29. Kf1 Qh1+ 30. Ke2 Qh5+ 31. f3 Qd5 32. Qc8+ Bd8 33. a6 h5 34. Nd3 Kh7 35. Nb4 Qb5+ 36. Kf2 Bb6 37. Qxc6 Bxd4+ 38. cxd4 Qxb4 39. Qe4+ Kh6 40. Qf4+ Kh7 41. Qf5+ Kh6 42. Qf4+ Kh7 43. Qe4+ Kh6 44. d5 Qd2+ 45. Kg3 g5 46. Kh2 h4 47. Qe6 Qf4+ 48. Kh1 Qc1+ 49. Kh2 Qf4+ 50. Kh1 1/2-1/2

[Event "Chigorin Memorial 2018"]
[Site "St. Petersburg"]
[Date "2018.10.31"]
[Round "5.107"]
[White "Tsapalin, Sergey"]
[Black "Kovalenko, Kleopatra"]
[Result "1-0"]
[WhiteElo "2032"]
[BlackElo "1781"]
[PlyCount "85"]
[EventDate "2018.10.27"]
[EventType "swiss"]
[EventCountry "RUS"]
[WhiteTeam "Russland"]
[BlackTeam "Russland"]
[WhiteTeamCountry "RUS"]
[BlackTeamCountry "RUS"]

1. d4 Nf6 2. c4 g6 3. f3 Bg7 4. e4 d6 5. Nc3 O-O 6. Bg5 Nbd7 7. Nh3 c5 8. d5 a6 9. Be2 Rb8 10. a4 h6 11. Be3 Kh7 12. Nf2 Ne8 13. Qd2 Ndf6 14. g4 Ng8 15. h4 Qa5 16. Nfd1 Bd7 17. Ra3 Qd8 18. g5 h5 19. f4 Nc7 20. a5 b5 21. axb6 Rxb6 22. Bf3 Ne8 23. Qe2 Bxc3+ 24. Rxc3 Ng7 25. f5 Ba4 26. Bc1 Rb3 27. Rxb3 Bxb3 28. Bd2 a5 29. Bc3 a4 30. Ne3 e5 31. dxe6 fxe6 32. f6 e5 33. fxg7 Kxg7 34. O-O Qd7 35. Bg2 Ra8 36. Nd5 Qa7 37. Bh3 Qa6 38. Nc7 Bxc4 39. Qf2 Bxf1 40. Nxa6 Bxh3 41. Nc7 Rc8 42. Nb5 Rd8 43. Nxd6 1-0

[Event "Chigorin Memorial 2018"]
[Site "St. Petersburg"]
[Date "2018.10.31"]
[Round "5.108"]
[White "Lazhevskaya, Zhanni"]
[Black "Kurchenko, Egor"]
[Result "1-0"]
[WhiteElo "2029"]
[BlackElo "1710"]
[PlyCount "101"]
[EventDate "2018.10.27"]
[EventType "swiss"]
[EventCountry "RUS"]
[WhiteTeam "Russland"]
[BlackTeam "Russland"]
[WhiteTeamCountry "RUS"]
[BlackTeamCountry "RUS"]

1. e4 e5 2. Nf3 Nc6 3. Bb5 Nf6 4. O-O d6 5. d4 exd4 6. Nxd4 Bd7 7. Nc3 Be7 8. h3 O-O 9. Be3 Re8 10. Nxc6 bxc6 11. Bd3 c5 12. g4 Bc6 13. g5 Nd7 14. f4 Rb8 15. Rb1 f5 16. Bc4+ Kh8 17. Bf7 Rf8 18. Qh5 Rxf7 19. Qxf7 fxe4 20. Nd5 Bxd5 21. Qxd5 Nb6 22. Qxe4 d5 23. Qe6 Nc4 24. Rfe1 Rb6 25. Qf7 Bf8 26. b3 Nd6 27. Qxd5 Qc8 28. Kh2 Nf5 29. Bxc5 Bxc5 30. Qxc5 Nh4 31. Qe3 Rb8 32. Re2 Nf5 33. Qe6 Qf8 34. Qe5 c5 35. Rbe1 Nd6 36. Kg1 Rc8 37. h4 c4 38. h5 Kg8 39. Qe6+ Kh8 40. f5 Qd8 41. Kh1 h6 42. f6 hxg5 43. fxg7+ Kxg7 44. Qg6+ Kh8 45. Re7 Nf7 46. Qxf7 Qg8 47. Re8 Rxe8 48. Rxe8 Qxe8 49. Qxe8+ Kg7 50. Qg6+ Kf8 51. h6 1-0

[Event "Chigorin Memorial 2018"]
[Site "St. Petersburg"]
[Date "2018.10.31"]
[Round "5.109"]
[White "Solomin, Maxim"]
[Black "Gurskiy, Dmitriy"]
[Result "0-1"]
[WhiteElo "2025"]
[BlackElo "1701"]
[PlyCount "96"]
[EventDate "2018.10.27"]
[EventType "swiss"]
[EventCountry "RUS"]
[WhiteTeam "Russland"]
[BlackTeam "Russland"]
[WhiteTeamCountry "RUS"]
[BlackTeamCountry "RUS"]

1. d4 d5 2. c4 e6 3. Nc3 Nf6 4. cxd5 exd5 5. Bg5 Be7 6. e3 c6 7. Bd3 Nbd7 8. Nge2 O-O 9. Qc2 a5 10. O-O Re8 11. Rad1 Nf8 12. h3 h6 13. Bf4 Ne6 14. Bg3 Bf8 15. Kh1 Ng5 16. Bh4 Qd7 17. Ng3 Bd6 18. Bf5 Qd8 19. f4 Ne6 20. e4 dxe4 21. Ngxe4 Be7 22. d5 Nxd5 23. Bxe7 Rxe7 24. Bxe6 Rxe6 25. f5 Re5 26. f6 g6 27. Qd2 Kh7 28. Qd4 Qc7 29. Rc1 Nxc3 30. Rxc3 Rf5 31. Rd1 Be6 32. Rcd3 Rd5 33. Qc3 Rad8 34. Nc5 Bf5 35. Rd4 R8d6 36. R1d2 b6 37. Nb3 Rxd4 38. Rxd4 Be6 39. Nc1 Bd5 40. Ne2 Qd7 41. Nf4 Bxg2+ 42. Kxg2 Rxd4 43. Qe3 g5 44. Ne2 Qd5+ 45. Kh2 Re4 46. Qf3 Qe5+ 47. Ng3 Re3 48. Qf2 Qxg3+ 0-1

[Event "Chigorin Memorial 2018"]
[Site "St. Petersburg"]
[Date "2018.10.31"]
[Round "5.110"]
[White "Trifonov, Vladislav"]
[Black "Poznyak, Nazar"]
[Result "0-1"]
[WhiteElo "1749"]
[BlackElo "2016"]
[PlyCount "36"]
[EventDate "2018.10.27"]
[EventType "swiss"]
[EventCountry "RUS"]
[WhiteTeam "Russland"]
[BlackTeam "Russland"]
[WhiteTeamCountry "RUS"]
[BlackTeamCountry "RUS"]

1. d4 Nf6 2. c4 c5 3. d5 b5 4. cxb5 a6 5. bxa6 g6 6. Nc3 Bxa6 7. e4 Bxf1 8. Kxf1 d6 9. g3 Bg7 10. Kg2 O-O 11. Nf3 Nbd7 12. a4 Ra6 13. Qc2 Qa8 14. Ra2 e6 15. dxe6 fxe6 16. Rd1 d5 17. Nd2 Ng4 18. Rf1 Rxf2+ 0-1

[Event "Chigorin Memorial 2018"]
[Site "St. Petersburg"]
[Date "2018.10.31"]
[Round "5.111"]
[White "Moskaleva, Arina"]
[Black "Gagare, Shalmali"]
[Result "0-1"]
[WhiteElo "1675"]
[BlackElo "2013"]
[PlyCount "88"]
[EventDate "2018.10.27"]
[EventType "swiss"]
[EventCountry "RUS"]
[WhiteTeam "Russland"]
[BlackTeam "Indien"]
[WhiteTeamCountry "RUS"]
[BlackTeamCountry "IND"]

1. e4 e5 2. Nf3 Nc6 3. Bc4 Bc5 4. c3 Nf6 5. d4 exd4 6. cxd4 Bb4+ 7. Bd2 Bxd2+ 8. Nbxd2 d5 9. exd5 Nxd5 10. Qb3 Nce7 11. O-O O-O 12. Rfe1 Nb6 13. Bd3 Ned5 14. Rac1 Be6 15. Bb1 g6 16. Ne4 Nf6 17. Qe3 Kg7 18. Neg5 Re8 19. Ne5 Nbd5 20. Qg3 Nh5 21. Qf3 Qxg5 22. Be4 c6 23. Nc4 Qf4 24. Qd3 Nhf6 25. Bf3 Bf5 26. Qb3 Rxe1+ 27. Rxe1 Re8 28. Rf1 Qc7 29. h3 Be4 30. Bxe4 Nxe4 31. Rc1 Nf4 32. Rc2 Nd6 33. Ne5 f6 34. Nf3 Re2 35. Rc1 Re7 36. Rc2 Nf5 37. Qc4 Qd6 38. a3 Qd5 39. Qf1 Nxh3+ 40. gxh3 Qxf3 41. Rc3 Qf4 42. Rb3 Nh4 43. Rg3 Nf3+ 44. Kg2 Re1 0-1